000
00425nam a2200169Ia 4500
008
090711s9999 xx 000 0 und d
082
_b
67025
100
_a
ओक जनार्दन
245
_a
लालसा
260
_c
1989
300
_a
204
600
_a
ओक जनार्दन
630
_a
लालसा
700
_a
ओक जनार्दन
730
_a
लालसा
942
_c
BOOK
999
_c
294494
_d
294494